000 00928nam0a22002531 4500
001 rc\2772397
005 20250806210732.0
035 _a(NLR Aleph) 006898753
090 _a15477
_c15477
100 _a20110915d1941 u y0rusy50 ca
101 0 _arus
102 _aRU
105 _aa z |||||
200 1 _aСтроение и жизнь растения
_fВ. П. Махлаюк, асс. кафедры ботаники Сарат. с.-х. ин-та
_gЗаоч. курсы колх. актива АССР Немцев Поволжья
210 _aЭнгельс
_cНемгосиздат
_d1941
215 _a120 с.
_cил.
_d23 см.
700 1 _aМахлаюк
_bВ.П.
_gВиталий Петрович
801 0 _aRU
_bNLR
_gpsbo
801 1 _aRU
_bELAR
_2rusmarc
852 _aNLR
_jБт02 Г-5/5
942 _cBOOK
945 _aРоссийская национальная библиотека
980 _aNB
980 _aBV